000 00353nam a2200145Ia 4500
003 OSt
005 20240311125310.0
008 170523s9999 xx 000 0 und d
020 _a978-8123903026
040 _cIIMT UNIVERSITY MEERUT
100 _aIvanov- B.N.
245 0 _aFundamentals of Physics
260 _aNew Delhi : CBS Pub.
942 _2ddc
_c02
999 _c11728
_d11728